| 000 | 00672nam a22002177a 4500 | ||
|---|---|---|---|
| 003 | Ost | ||
| 005 | 20260313053048.0 | ||
| 008 | 260313b |||||||| |||| 00| 0 eng d | ||
| 020 | _a9781838645770 | ||
| 040 | _cBT-PhCST | ||
| 050 | _a25772-25774 | ||
| 082 |
_222 _a005.1 _bSCH |
||
| 100 | _aSchenker, Gabriel N. | ||
| 245 |
_aGetting started with containerization : _breduce the operational burden on your system by automating and managing your containers / |
||
| 260 |
_aIndia : _bPackt Publishing, _cc2019. |
||
| 300 |
_axiv, 714 p. : _bill. ; _c24 cm. |
||
| 500 | _aIncludes index. | ||
| 700 | _aSaito, Hideto. | ||
| 700 | _aChloe, Hui-Chuan. | ||
| 942 |
_2ddc _cIT |
||
| 999 |
_c10202 _d10202 |
||